<?xml version="1.0" encoding="UTF-8"?>
<record
    xmlns:xsi="http://www.w3.org/2001/XMLSchema-instance"
    xsi:schemaLocation="http://www.loc.gov/MARC21/slim http://www.loc.gov/standards/marcxml/schema/MARC21slim.xsd"
    xmlns="http://www.loc.gov/MARC21/slim">

  <leader>02319nam a2200277 a 4500</leader>
  <controlfield tag="001">BRCA_8947</controlfield>
  <controlfield tag="005">20190320210453.0</controlfield>
  <controlfield tag="008">030717s1688----po-#######---#000-0#spa-#</controlfield>
  <datafield tag="041" ind1=" " ind2=" ">
    <subfield code="a">spa</subfield>
  </datafield>
  <datafield tag="044" ind1=" " ind2=" ">
    <subfield code="a">po</subfield>
  </datafield>
  <datafield tag="084" ind1=" " ind2=" ">
    <subfield code="a">LE40</subfield>
    <subfield code="b">.B37 1688</subfield>
  </datafield>
  <datafield tag="100" ind1="1" ind2=" ">
    <subfield code="a">Barzi y Zambrana, Joseph y</subfield>
    <subfield code="9">22235</subfield>
  </datafield>
  <datafield tag="245" ind1="1" ind2="0">
    <subfield code="a">Quaresma de sermones doctrinales, duplicados, para todos los Domingos, Mi&#xE9;rcoles y Viernes, y algunas otras ferias, con remissiones copiosas al Despertador Christiano de Sermones para los mismos d&#xED;as</subfield>
    <subfield code="b">tomo II: que dedica a la purissima reyna de los &#xE1;ngeles, y hombres Mar&#xED;a Santissima N. S. en su Milagrosa, y devotissima Imagen del Sagrado de la Santa Iglesia de Toledo, por mano, y en nombre del Eminentissimo Se&#xF1;or D. Luis Manuel Fern&#xE1;ndez Portocarrero, Presbitero Cardenal de la Santa Iglesia de Roma, &amp;c</subfield>
    <subfield code="c">su author el doctor D. Joseph de Barzia y Zambrana.</subfield>
  </datafield>
  <datafield tag="260" ind1=" " ind2=" ">
    <subfield code="a">Lisboa</subfield>
    <subfield code="b">En la Imprenta de Theotonio Craesbeeck de Mello</subfield>
    <subfield code="c">1688</subfield>
  </datafield>
  <datafield tag="300" ind1=" " ind2=" ">
    <subfield code="a">414 p. (t.2)</subfield>
    <subfield code="c">20 x 15.4 cm</subfield>
  </datafield>
  <datafield tag="500" ind1=" " ind2=" ">
    <subfield code="a">Con privilegio real</subfield>
  </datafield>
  <datafield tag="500" ind1=" " ind2=" ">
    <subfield code="a">Estado f&#xED;sico: presenta encuadernaci&#xF3;n en pergamino deteriorada, con lomo desprendido y cintas rotas</subfield>
  </datafield>
  <datafield tag="500" ind1=" " ind2=" ">
    <subfield code="a">Con marca de fuego: &#x201C;Procedencia de la marca: Colegio de la Santa Cruz de Quer&#xE9;taro(1)(2). Instituci&#xF3;n: Congregaci&#xF3;n de Propaganda Fide Descripci&#xF3;n: Monograma &#xB4;SATO&#xB4; que se desata como San Antonio. Le  sigue la abreviatura: &#xB4;Q&#xB4; de Quer&#xE9;taro. Corona el monograma y la inicial la palabra &#xB4;posto&#xB4; que podr&#xED;a hacer referencia a &#xB4;Apost&#xF3;lico&#xB4;. Observaciones: Esta marca no se localiza en los cat&#xE1;logos impresos anteriores. La primera imagen de la marca de fuego corresponde al libro modelo ya que est&#xE1; m&#xE1;s clara y definida. Sin embargo, el testimonio de pertenencia y la segunda imagen de la marca de fuego, pertenece al segundo ejemplar. Ubicaci&#xF3;n de la marca en el libro: Canto superior y frontal.&#x201D;</subfield>
  </datafield>
  <datafield tag="650" ind1="1" ind2="4">
    <subfield code="a">Teolog&#xED;a pastoral</subfield>
    <subfield code="y">Obras anteriores a 1800</subfield>
    <subfield code="9">22236</subfield>
  </datafield>
  <datafield tag="650" ind1="1" ind2="4">
    <subfield code="a">Cuaresma</subfield>
    <subfield code="x">Sermones</subfield>
    <subfield code="y">Obras anteriores a 1800</subfield>
    <subfield code="9">22237</subfield>
  </datafield>
  <datafield tag="650" ind1="1" ind2="4">
    <subfield code="a">Sermones espa&#xF1;oles</subfield>
    <subfield code="y">Obras anteriores a 1800</subfield>
    <subfield code="9">21577</subfield>
  </datafield>
  <datafield tag="700" ind1="1" ind2=" ">
    <subfield code="a">Fern&#xE1;ndez Portocarrero, Luis Manuel</subfield>
    <subfield code="9">22238</subfield>
  </datafield>
  <datafield tag="856" ind1=" " ind2=" ">
    <subfield code="a">http://www.marcasdefuego.buap.mx:8180/xmLibris/projects/firebrand/item.jsp?repository=marcas_de_fuego&amp;key=422f0a15.xml&amp;num=17</subfield>
  </datafield>
  <datafield tag="902" ind1=" " ind2=" ">
    <subfield code="a">CFM</subfield>
  </datafield>
  <datafield tag="942" ind1=" " ind2=" ">
    <subfield code="2">lcc</subfield>
    <subfield code="c">B</subfield>
  </datafield>
  <datafield tag="999" ind1=" " ind2=" ">
    <subfield code="c">8598</subfield>
    <subfield code="d">8598</subfield>
  </datafield>
  <datafield tag="952" ind1=" " ind2=" ">
    <subfield code="0">0</subfield>
    <subfield code="1">0</subfield>
    <subfield code="4">0</subfield>
    <subfield code="7">0</subfield>
    <subfield code="a">BRCA</subfield>
    <subfield code="b">BRCA</subfield>
    <subfield code="d">2017-07-03</subfield>
    <subfield code="l">0</subfield>
    <subfield code="o">LE40 .B37 1688</subfield>
    <subfield code="p">CFM00270</subfield>
    <subfield code="r">2019-03-22 00:00:00</subfield>
    <subfield code="w">2019-03-22</subfield>
    <subfield code="y">B</subfield>
  </datafield>
</record>
